| 000 | 00998nam a22002537a 4500 | ||
|---|---|---|---|
| 003 | BD-DhSAU | ||
| 005 | 20181206153555.0 | ||
| 008 | 160608b2014 bg ||||| |||| 00| 0 eng d | ||
| 040 | _aBD-DhSAU | ||
| 082 |
_222 _a630 _bF375 |
||
| 100 |
_aFerdous, Laila Jannatul _eRegistration # 08-02746 |
||
| 245 |
_aPERFORMANCE OF RAPESEED AND MUSTARD VARIETIESWITH DIFFERENT PLANTING TECHNIQUES / _bMS thesis |
||
| 260 |
_aSher-e-Bangla Agricultural Uniersity : _bDepartment of Agronomy _c2014 |
||
| 300 |
_axi, 83 p. : _bill. ; _c30 cm. |
||
| 500 | _aMS thesis of Department of Agronomy , Faculty of Agriculture, Sher-e-Bangla Agricultural University, Dhaka, Bangladesh | ||
| 590 | _aMd. Sirajul Islam | ||
| 650 | _aAgronomy | ||
| 650 | _aRapseed | ||
| 650 | _aPlanting | ||
| 700 |
_aBiswas, Parimal Kanti _eSupervisor |
||
| 700 |
_aRoy, Tuhin Suvra _eCo-Supervisor |
||
| 856 |
_uhttp://archive.saulibrary.edu.bd:8080/xmlui/handle/123456789/641 _yOnline Access |
||
| 942 |
_2ddc _cTHESIS |
||
| 999 |
_c13359 _d13358 |
||